000 00628nam a2200229 a 4500
999 _c8393
_d8393
001 8393
003 BD - JhCC
005 20180925091130.0
008 000403s2000 enk 000 0 eng d
020 _a0748743154
035 _a(BD-JhCC)8393
040 _aBD-JhCC
_dBD-JhCC
041 _aeng
082 _bBRE 2000
_a540
100 1 _aBreithaupt, Jim.
245 1 0 _aPhysics for advanced level :
_bcourse study guide /
_cJim Breithaupt.
260 _aCheltenham :
_bStanley Thornes,
_c2000.
300 _aiv, 69 p. :
_bill. ;
_c28 cm.
650 0 _aPhysics
_xExaminations
_vStudy guides.
942 _2ddc
_cBK